Countries By Island - Statistics

General Stats
  • This quiz has been taken 20 times
  • The average score is 18 of 21
Answer Stats
Island Country % Correct
Greenland Denmark
100%
Galapagos Island Ecuador
100%
Bali Indonesia
100%
Sicily Italy
100%
Hokkaido Japan
100%
Svalbard Norway
100%
Tasmania Australia
95%
Newfoundland Canada
95%
Hainan China
95%
Corsica France
95%
Chatham Island New Zealand
95%
Canary Islands Spain
95%
Hawaii United States
95%
Gotland Sweden
90%
Severny Island Russia
85%
Luzon Philippines
80%
Jeju South Korea
70%
Bougainville Papua New Guinea
65%
Viti Levu Fiji
60%
Socotra Yemen
50%
Kriti Greece
40%
No matching quizzes found
Score Distribution
Percent of People with Each Score
Percentile by Number Answered
Your Score History
You have not taken this quiz